000 00296nam a2200121Ia 4500
005 20251222142007.0
008 251222s9999||||xx |||||||||||||| ||spa||
082 _a372.3/R68
100 _aRivera Muñoz, Jorge L.
245 0 _aEducación, Ecología y Desarrollo
264 _bUNMSM
942 _cLIB
999 _c10210
_d10210